[Event "De Verteuil Memorial 26th"]
[Site "Port of Spain"]
[Date "2018.10.11"]
[Round "2"]
[White "Paul, Trevor"]
[Black "Drayton, Doff"]
[Result "0-1"]
[WhiteElo "1246"]
[BlackElo "1602"]
[PlyCount "86"]
[EventDate "2018.10.04"]
[EventType "swiss"]
[EventRounds "7"]
[EventCountry "TRI"]
[SourceTitle "CBM 187 Extra"]
[Source "ChessBase"]
[SourceDate "2018.11.04"]
[SourceVersion "1"]
[SourceVersionDate "2018.11.04"]
[SourceQuality "1"]

1. e4 c5 2. c3 g6 3. d4 cxd4 4. cxd4 Nc6 5. Nf3 Bg7 6. Nc3 Qb6 7. Nd5 Qd8 8. Bf4 d6 9. Nc3 Nf6 10. e5 Nh5 11. Be3 dxe5 12. dxe5 Qxd1+ 13. Rxd1 0-0 14. Bd4 Bg4 15. Be2 Nf4 16. 0-0 Nxe2+ 17. Nxe2 Bxf3 18. gxf3 Nxe5 19. f4 Nf3+ 20. Kg2 Nxd4 21. Nxd4 Bxd4 22. Rxd4 Rfd8 23. Rfd1 Rxd4 24. Rxd4 Kf8 25. b4 Ke8 26. a4 Rc8 27. h4 Rc3 28. a5 f5 29. Rd5 e6 30. Rb5 Rc7 31. a6 bxa6 32. Rb8+ Ke7 33. Kf3 Kd6 34. Ke3 Kc6 35. Kd4 Rb7 36. Rxb7 Kxb7 37. Kc5 Kc7 38. f3 Kd7 39. Kc4 Kc6 40. Kb3 Kb5 41. Kc3 a5 42. bxa5 Kxa5 43. Kb3 Kb5 0-1